• 首页
  • 本馆介绍
  • 公告通知
  • 最新文献
  • 馆藏检索
  • 电子资源
  • 读者导购
  • 参考咨询
  • 我的图书馆
  • 登录
  • 详细信息显示
  • 放入我的书架
  • 预约/预借图书
  • 作者相关作品
  • 分类相关作品
  • 丛书相关作品
  • 出版社相关作品

书目信息

  • 表格格式
  • 工作单格式
  • 卡片格式
题名:
第二次世界大战回忆录
    
 
作者: 丘吉尔 著 ;史雪峰 译
分册: 下  
出版信息: 北京   中国画报出版社  2018
页数: 502页
开本: 25cm
丛书名: 中画史鉴
单 册:
中图分类: K152 , K835.617=533
科图分类:
主题词: 第二次世界大战--di er ci shi jie da zhan--史料 , 政治家--zheng zhi jia--回忆录--英国--现代
电子资源:
ISBN: 978-7-5146-1606-4
000 01462cam 2200349 45
001 012001009602
005 20191107111656.32
010    @a978-7-5146-1606-4@b精装@dCNY84.00
099    @aCAL 012018200130
100    @a20181029d2018 em y0chiy50 ea
101 1  @achi@ceng
102    @aCN@b110000
105    @aab z 000yd
106    @ar
200 1  @a第二次世界大战回忆录@Adi er ci shi jie da zhan hui yi lu@h下@f(英) 温斯顿·斯宾塞·丘吉尔著@g史雪峰译@F( Ying) Wen Si Dun· Si Bin Sai· Qiu Ji Er Zhu@PYWSDSBSQJEZ
210    @a北京@c中国画报出版社@d2018
215    @a502页@c图, 地图@d25cm
225 2  @a中画史鉴@Azhong hua shi jian@v012
300    @a全景插图版
312    @a英文题名取自封面
330    @a本书用透彻历史的思想,揭示了第二次世界大战这场战争的背景,从历史的深度来审视这场人类文明史上最大规模的战争,并从其独有的视角出发,从战略全局、重大战役全景,到战场细节,表述得淋漓尽致。
410  0 @12001 @a中画史鉴@v012
500 10 @aMemoirs of the Second World War@mChinese
600  1 @a丘吉尔@Aqiu ji er@g(Churchill, Winston Leonard Spencer),@f1874-1965@x回忆录
606 0  @a第二次世界大战@Adi er ci shi jie da zhan@x史料
606 0  @a政治家@Azheng zhi jia@x回忆录@y英国@z现代
690    @aK152@v5
690    @aK835.617=533@v5
701  1 @a丘吉尔@Aqiu ji er@g(Churchill, Winston Leonard Spencer),@f1874-1965@4著
702  0 @a史雪峰@Ashi xue feng@4译
801  0 @aCN@b上海新华@c20191020
905    @b1188821-2@dK152@e300:2@f2
    
    第二次世界大战回忆录.下/(英) 温斯顿·斯宾塞·丘吉尔著/史雪峰译.-北京:中国画报出版社,2018
    502页:图, 地图;25cm.-(中画史鉴;012)
    全景插图版
    
    ISBN 978-7-5146-1606-4(精装):CNY84.00
    本书用透彻历史的思想,揭示了第二次世界大战这场战争的背景,从历史的深度来审视这场人类文明史上最大规模的战争,并从其独有的视角出发,从战略全局、重大战役全景,到战场细节,表述得淋漓尽致。
●
相关链接 在E读中查询图书 在五车中查询图书 在当当中查询图书 在豆瓣中查询图书


正题名:第二次世界大战回忆录     索取号:K152/300:2         预约/预借

序号 登录号 条形码 馆藏地/架位号 状态 备注
1 1188821   211888215   第二样本阅览室/ [索取号:K152/300:2] 在馆    
2 1188822   211888224   第二借阅区/ [索取号:K152/300:2] 在馆    
唐山师范学院图书馆 欢迎您!
大连网信软件有限公司© 版权所有